Медовый месяц с ложкой дёгтя: роман

Detaylı Bibliyografya
Yazar: Луганцева Т. И. Татьяна Игоревна
Özet:Журналистка Маруся Брошкина постоянно попадала в крайне неприятные ситуации. Вот и теперь подружка Тоня уговорила ее заключить фиктивный брак с бедным таджиком-инвалидом, которому требовалось срочное лечение. Маруся по доброте душевной согласилась и отправилась на встречу, одевшись как клоун в цирке — в самую нелепую одежду, чтобы разыграть жениха/ А на следующий день проснулась... в шикарном гостиничном номере красавца-миллионера! Но оказалось, что это не счастливый конец волшебной сказки, а начало ужасной истории...
Dil:Rusça
Baskı/Yayın Bilgisi: Москва, АСТ, 2014
Konular:
Materyal Türü: Kitap
KOHA link:https://koha.lib.tpu.ru/cgi-bin/koha/opac-detail.pl?biblionumber=289214

MARC

LEADER 00000nam0a2200000 4500
001 289214
005 20231102000151.0
010 |a 9785170807529 
035 |a (RuTPU)RU\TPU\book\313719 
090 |a 289214 
100 |a 20150331d2014 m y0rusy50 ca 
101 0 |a rus 
102 |a RU 
105 |a y z 000ay 
200 1 |a Медовый месяц с ложкой дёгтя  |e роман  |f Т. И. Луганцева 
210 |a Москва  |c АСТ  |d 2014 
215 |a 319 с. 
330 |a Журналистка Маруся Брошкина постоянно попадала в крайне неприятные ситуации. Вот и теперь подружка Тоня уговорила ее заключить фиктивный брак с бедным таджиком-инвалидом, которому требовалось срочное лечение. Маруся по доброте душевной согласилась и отправилась на встречу, одевшись как клоун в цирке — в самую нелепую одежду, чтобы разыграть жениха/ А на следующий день проснулась... в шикарном гостиничном номере красавца-миллионера! Но оказалось, что это не счастливый конец волшебной сказки, а начало ужасной истории... 
606 1 |a Русская литература современная  |2 stltpush  |3 (RuTPU)RU\TPU\subj\26373  |9 50316 
610 1 |a проза 
610 1 |a романы 
610 1 |a детективы 
610 1 |a иронические детективы 
675 |a Р2  |v 4 
700 1 |a Луганцева  |b Т. И.  |g Татьяна Игоревна 
801 1 |a RU  |b 63413507  |c 20150331 
801 2 |a RU  |b 63413507  |c 20150707  |g RCR 
942 |c BK 
959 |a 29/20150330  |d 1  |e 135,00  |f ХФ:1